00375nam a2200145Ia 450000500170000000800460001703700120006304000200007504100130009508400170010810000120012524500430013726000390018030000100021920250508160915.0008 250505s9999 xx 000 0 eng d aTextual aFEDLbengcFEDL aeng2eng aB, TAGqFEDL aGopal K 0aSocial thought of Rabindra Nath Tagore aMeerut, IndiabAnu Prakashanc1974 a208p.